Logo CIB grande

SISTEMAS DE COMUNICACION DIGITALES Y ANALOGICOS (Registro nro. 215202)

Detalles MARC
000 -LEADER
campo de control de longitud fija 01015nam a2200277Ia 4500
005 - FECHA Y HORA DE LA ÚLTIMA TRANSACCIÓN
campo de control 20250425161737.0
008 - DATOS DE LONGITUD FIJA--INFORMACIÓN GENERAL
campo de control de longitud fija 250425s9999 xx 000 0 und d
020 ## - NÚMERO INTERNACIONAL ESTÁNDAR DEL LIBRO
Número Internacional Estándar del Libro 9701702107
041 ## - CÓDIGO DE IDIOMA
Código de lengua del texto/banda sonora o título independiente spa
082 ## - NÚMERO DE LA CLASIFICACIÓN DECIMAL DEWEY
Número de clasificación 621.382
010 ## - NÚMERO DE CONTROL DE LA BIBLIOTECA DEL CONGRESO
Número de control de LC 27106
100 ## - ENTRADA PRINCIPAL--NOMBRE DE PERSONA
Nombre de persona COUCH, LEON W.
245 #0 - MENCIÓN DEL TÍTULO
Título SISTEMAS DE COMUNICACION DIGITALES Y ANALOGICOS
250 ## - MENCION DE EDICION
Mención de edición 5A ED.
260 ## - PUBLICACIÓN, DISTRIBUCIÓN, ETC.
Lugar de publicación, distribución, etc. MEXICO
260 ## - PUBLICACIÓN, DISTRIBUCIÓN, ETC.
Lugar de publicación, distribución, etc. México
Nombre del editor, distribuidor, etc. PRENTICE HALL
Fecha de publicación, distribución, etc. 1998
300 ## - DESCRIPCIÓN FÍSICA
Extensión 742
500 ## - NOTA GENERAL
Nota general Título Traducido: DIGITAL AND ANALOG COMMUNICATION SYSTEMS
520 ## - RESUMEN, ETC.
Sumario, etc. EN ESTA NUEVA EDICION PROPORCIONA EL TRATAMIENTO MAS ACTUALIZADO DE LOS SISTEMAS DE COMUNICACION DIGITALES Y ANALOGICOS. LOS EJEMPLOS Y PROBLEMAS SON DISEÑADOS PARA HACER REFLEXIONAR Y ENTENDER LOS SISTEMAS DE COMUNICACION, MUCHOS DE ESTOS PROBLEMAS REQU
650 ## - PUNTO DE ACCESO ADICIONAL DE MATERIA--TÉRMINO DE MATERIA
Término de materia o nombre geográfico como elemento de entrada COMUNICACIONES DIGITALES
650 ## - PUNTO DE ACCESO ADICIONAL DE MATERIA--TÉRMINO DE MATERIA
Término de materia o nombre geográfico como elemento de entrada SEÑALES ANALOGICAS Y DIGITALES
650 ## - PUNTO DE ACCESO ADICIONAL DE MATERIA--TÉRMINO DE MATERIA
Término de materia o nombre geográfico como elemento de entrada SISTEMAS DE COMUNICACION
650 ## - PUNTO DE ACCESO ADICIONAL DE MATERIA--TÉRMINO DE MATERIA
Término de materia o nombre geográfico como elemento de entrada TELECOMUNICACIONES
700 ## - ENTRADA AGREGADA--NOMBRE PERSONAL
Nombre de persona RODOLFO NAVARRO
Término indicativo de función/relación traductor
942 ## - ELEMENTOS DE ENTRADA SECUNDARIOS (KOHA)
Tipo de ítem Koha Libros
Existencias
Estatus retirado Estado de pérdida Estado de daño No para préstamo Biblioteca de origen Biblioteca actual Fecha de adquisición Coste, precio normal de compra Total de préstamos Código de barras Copia número Tipo de ítem Koha Ubicación en estantería
        CENTRO DE INFORMACIÓN BIBLIOTECARIA CENTRO DE INFORMACIÓN BIBLIOTECARIA 29/06/2004 29.00   39048 2 Libros  
        CENTRO DE INFORMACIÓN BIBLIOTECARIA CENTRO DE INFORMACIÓN BIBLIOTECARIA 17/09/2004 36.00   44867 4 Libros  
        CENTRO DE INFORMACIÓN BIBLIOTECARIA CENTRO DE INFORMACIÓN BIBLIOTECARIA 16/09/2004 36.00   44868 5 Libros  
        CENTRO DE INFORMACIÓN BIBLIOTECARIA CENTRO DE INFORMACIÓN BIBLIOTECARIA 28/04/2003 36.00   44869 6 Libros  

Copyright 2025 ESPOL. Todos los derechos reservados.